[Event "HUN-chT2 Maroczy 1718"]
[Site "Hungary"]
[Date "2018.01.28"]
[Round "5.6"]
[White "Szajbely, Zsigmond"]
[Black "Sanchez Repullo, Daniel"]
[Result "1-0"]
[WhiteElo "2277"]
[BlackElo "2285"]
[PlyCount "105"]
[EventDate "2017.10.29"]
[EventType "team-tourn"]
[EventRounds "9"]
[EventCountry "HUN"]
[SourceTitle "EXT 2021"]
[Source "ChessBase"]
[SourceDate "2020.10.23"]
[SourceVersion "1"]
[SourceVersionDate "2020.10.23"]
[SourceQuality "1"]
[WhiteTeam "Szeged Maroczy"]
[BlackTeam "Budapest Kobanya II"]
[WhiteTeamCountry "HUN"]
[BlackTeamCountry "HUN"]

1. e4 c5 2. Nf3 Nc6 3. c3 Nf6 4. e5 Nd5 5. d4 cxd4 6. cxd4 d6 7. Bc4 e6 8. 0-0 Be7 9. Qe2 Nb6 10. Bb3 d5 11. Bd2 f6 12. exf6 Bxf6 13. Qd3 0-0 14. Re1 Qc7 15. Bc3 Qf4 16. Nbd2 Bd7 17. Qe3 Qd6 18. a3 Rae8 19. g3 Qe7 20. h4 Nc8 21. Bc2 g6 22. b4 Nd6 23. Kg2 Qg7 24. Qd3 Ne7 25. a4 Nef5 26. b5 Nf7 27. Ne5 Bc8 28. Ndf3 g5 29. Ng4 Be7 30. h5 N7d6 31. h6 Nxh6 32. Nxh6+ Qxh6 33. Rh1 Qg6 34. Qxg6+ hxg6 35. Bxg6 Rd8 36. Rh5 Kg7 37. Bd3 Rh8 38. Rah1 Rxh5 39. Rxh5 Rh8 40. Rxh8 Kxh8 41. Bb4 Kg7 42. Nxg5 Bxg5 43. Bxd6 Bd2 44. f4 Bd7 45. g4 Bc3 46. Be5+ Kf7 47. g5 Bb4 48. Kf3 a6 49. g6+ Kg8 50. Kg4 axb5 51. Bxb5 Bc8 52. Kg5 Be7+ 53. Kh6 1-0

[Event "HUN-chT2 Breyer 1516"]
[Site "Hungary"]
[Date "2016.03.20"]
[Round "9.4"]
[White "Domany, Zsofia"]
[Black "Sanchez Repullo, Daniel"]
[Result "0-1"]
[WhiteElo "2157"]
[BlackElo "2260"]
[PlyCount "50"]
[EventDate "2015.09.13"]
[EventType "team-tourn"]
[EventRounds "11"]
[EventCountry "HUN"]
[SourceTitle "EXT 2017"]
[Source "ChessBase"]
[SourceDate "2016.10.25"]
[SourceVersion "1"]
[SourceVersionDate "2016.10.25"]
[SourceQuality "1"]
[WhiteTeam "Kisber Aszar"]
[BlackTeam "Kobanya Aquarena"]
[WhiteTeamCountry "HUN"]
[BlackTeamCountry "HUN"]

1. e4 c5 2. Nf3 Nc6 3. d4 cxd4 4. Nxd4 g6 5. Nc3 Bg7 6. Be3 Nf6 7. Bc4 0-0 8. Bb3 a5 9. f3 d5 10. Bxd5 Nxd5 11. Nxd5 f5 12. Nxc6 bxc6 13. Nb6 Rb8 14. c3 Qc7 15. Qb3+ Kh8 16. 0-0-0 Rb7 17. Rd2 fxe4 18. fxe4 a4 19. Qa3 Rxb6 20. Bxb6 Qxb6 21. Qxe7 Qe3 22. Kc2 Bf5 23. Rd4 Qe2+ 24. Kb1 a3 25. bxa3 Rb8+ 0-1

[Event "HUN-chT2 Breyer 1516"]
[Site "Hungary"]
[Date "2015.11.08"]
[Round "4.3"]
[White "Sanchez Repullo, Daniel"]
[Black "Gal, Lajos"]
[Result "1-0"]
[WhiteElo "2260"]
[BlackElo "1954"]
[PlyCount "39"]
[EventDate "2015.09.13"]
[EventType "team-tourn"]
[EventRounds "11"]
[EventCountry "HUN"]
[SourceTitle "CBM 170 Extra"]
[Source "ChessBase"]
[SourceDate "2016.02.25"]
[SourceVersion "1"]
[SourceVersionDate "2016.02.25"]
[SourceQuality "1"]
[WhiteTeam "Kobanya Aquarena"]
[BlackTeam "Nyergesujfalu"]
[WhiteTeamCountry "HUN"]
[BlackTeamCountry "HUN"]

1. d4 d5 2. Nf3 e6 3. Bg5 f6 4. Bh4 c5 5. e3 Qb6 6. Nbd2 Qxb2 7. c4 cxd4 8. Rb1 Qa3 9. Rb3 Qa5 10. cxd5 dxe3 11. Rxe3 Bc5 12. Qc2 Ne7 13. Rc3 b6 14. Nb3 Qa4 15. Nfd4 0-0 16. Bb5 Qb4 17. a3 Qxa3 18. 0-0 Bxd4 19. Nxd4 e5 20. Rxa3 1-0

[Event "HUN-chT2 Breyer 1516"]
[Site "Hungary"]
[Date "2015.09.13"]
[Round "1.6"]
[White "Sanchez Repullo, Daniel"]
[Black "Centgraf, Jozsef"]
[Result "1/2-1/2"]
[WhiteElo "2260"]
[BlackElo "2161"]
[PlyCount "81"]
[EventDate "2015.09.13"]
[EventType "team-tourn"]
[EventRounds "11"]
[EventCountry "HUN"]
[SourceTitle "CBM 170 Extra"]
[Source "ChessBase"]
[SourceDate "2016.02.25"]
[SourceVersion "1"]
[SourceVersionDate "2016.02.25"]
[SourceQuality "1"]
[WhiteTeam "Kobanya Aquarena"]
[BlackTeam "Sarkany DSE"]
[WhiteTeamCountry "HUN"]
[BlackTeamCountry "HUN"]

1. d4 Nf6 2. Nf3 e6 3. Bg5 c5 4. e3 cxd4 5. exd4 Be7 6. Nbd2 b6 7. g3 Bb7 8. Bg2 h6 9. Bxf6 Bxf6 10. 0-0 0-0 11. Re1 d6 12. Ne4 Be7 13. Qe2 Nd7 14. Rad1 Re8 15. b3 Rc8 16. c4 d5 17. Ned2 Bb4 18. Qd3 Ba6 19. Bf1 Qc7 20. Re3 Red8 21. a3 Be7 22. Qb1 Bb7 23. a4 Bb4 24. Qb2 dxc4 25. bxc4 a5 26. Ne4 Nc5 27. Nc3 Bxc3 28. Qxc3 Bxf3 29. Rxf3 e5 30. d5 Nxa4 31. Qa1 Nc5 32. Re3 f6 33. Bh3 Rb8 34. Qb1 Qf7 35. Bf5 a4 36. Rde1 b5 37. Bg6 Qc7 38. cxb5 Kh8 39. Qd1 Rxb5 40. f4 e4 41. Bxe4 1/2-1/2

[Event "ESP-chT Div1 Previa 2"]
[Site "San Sebastian"]
[Date "2004.07.04"]
[Round "2.3"]
[White "Sanchez Repullo, Daniel"]
[Black "Flear, Glenn C"]
[Result "1/2-1/2"]
[WhiteElo "2243"]
[BlackElo "2489"]
[PlyCount "68"]
[EventDate "2004.07.03"]
[EventType "team-match"]
[EventRounds "2"]
[EventCountry "ESP"]
[SourceTitle "EXT 2015"]
[Source "ChessBase"]
[SourceDate "2014.11.20"]
[SourceVersion "1"]
[SourceVersionDate "2014.11.20"]
[SourceQuality "1"]

1. d4 d5 2. Nf3 Nf6 3. Bg5 Ne4 4. Bh4 Qd6 5. Nbd2 Qh6 6. Rg1 Nc6 7. e3 Bg4 8. Bg3 Nxg3 9. hxg3 e5 10. dxe5 Nxe5 11. Be2 Bd6 12. Nxe5 Bxe2 13. Qxe2 Bxe5 14. 0-0-0 Qb6 15. c3 0-0-0 16. Rh1 g6 17. Rh4 c6 18. Nb3 Qc7 19. e4 Bf6 20. Rhh1 dxe4 21. Qxe4 h5 22. Rhe1 Rxd1+ 23. Rxd1 Qe5 24. Qc4 Qe7 25. a4 Re8 26. Nc5 Bg7 27. Kb1 Bf8 28. Qd4 b6 29. Nd7 Rd8 30. Qc4 Kb7 31. Qd3 Kc7 32. Qa6 Rxd7 33. Qxa7+ Kc8 34. Qa8+ Kc7 1/2-1/2

[Event "Trevias op"]
[Site "Trevias"]
[Date "2003.??.??"]
[Round "5"]
[White "Bruned Segura, Mario"]
[Black "Sanchez Repullo, Daniel"]
[Result "1-0"]
[WhiteElo "2132"]
[BlackElo "2238"]
[PlyCount "119"]
[EventDate "2003.??.??"]
[EventType "swiss"]
[EventRounds "7"]
[EventCountry "ESP"]
[SourceTitle "EXT 2005"]
[Source "ChessBase"]
[SourceDate "2004.11.15"]
[SourceVersion "1"]
[SourceVersionDate "2004.11.15"]
[SourceQuality "1"]

1. c4 Nf6 2. Nc3 g6 3. g3 Bg7 4. Bg2 0-0 5. Nf3 d6 6. d4 Nbd7 7. 0-0 c5 8. b3 cxd4 9. Nxd4 Qa5 10. Bb2 Qh5 11. e3 Qxd1 12. Raxd1 a5 13. Rd2 Nc5 14. Rfd1 Bg4 15. f3 Bd7 16. Ba1 Rab8 17. Ndb5 Rfc8 18. Na7 Re8 19. Nab5 Rec8 20. Na7 Re8 21. Bf1 Bc6 22. Nd5 Bxd5 23. cxd5 Nfd7 24. Bxg7 Kxg7 25. Kf2 Nb6 26. e4 f5 27. exf5 gxf5 28. Bh3 Kf6 29. Rd4 Kg5 30. R1d2 Rf8 31. Ke3 Rbe8 32. Nb5 e6 33. Nxd6 Nxd5+ 34. Kf2 Rd8 35. Rxd5 exd5 36. Rxd5 b6 37. Nf7+ Rxf7 38. Rxd8 Rf6 39. Bf1 Kg6 40. Bc4 h6 41. Ke3 f4+ 42. gxf4 Kh5 43. Rg8 Kh4 44. Rg4+ Kh5 45. Bd5 a4 46. bxa4 Nxa4 47. Kf2 Nc3 48. Bb3 b5 49. Ke3 Rf5 50. Kd3 b4 51. a3 Nd5 52. Ke4 Ne3 53. Kxe3 bxa3 54. Be6 Rf6 55. Ba2 Rf8 56. Rg8 Rf6 57. Ra8 Kh4 58. Rxa3 Kh3 59. Kf2 Kxh2 60. Ra5 1-0

[Event "Asturias-chT Preferente 0102"]
[Site "Asturias"]
[Date "2001.11.10"]
[Round "2.6"]
[White "Sanz Sanz, Clemente"]
[Black "Sanchez Repullo, Daniel"]
[Result "0-1"]
[WhiteElo "1805"]
[BlackElo "2230"]
[PlyCount "78"]
[EventDate "2001.11.03"]
[EventType "team-tourn"]
[EventRounds "11"]
[EventCountry "ESP"]
[SourceTitle "EXT 2003"]
[Source "ChessBase"]
[SourceDate "2002.11.25"]
[SourceVersion "1"]
[SourceVersionDate "2002.11.25"]
[SourceQuality "1"]

1. e4 c5 2. Nf3 Nc6 3. d4 cxd4 4. Nxd4 g6 5. Nc3 Bg7 6. Be3 Nf6 7. f3 0-0 8. Qd2 d5 9. 0-0-0 dxe4 10. Nxe4 Nxe4 11. fxe4 Nxd4 12. Bxd4 Be6 13. Bxg7 Qxd2+ 14. Rxd2 Kxg7 15. Be2 Rfc8 16. Kb1 Kf6 17. Rhd1 Ke5 18. Bf3 Rc4 19. Rd8 Rac8 20. Rxc8 Rxc8 21. b3 h5 22. Kb2 h4 23. h3 b5 24. c3 a5 25. a3 a4 26. bxa4 bxa4 27. Rd4 Bb3 28. Rd7 Ke6 29. Rd4 Rc7 30. Rd8 Ke5 31. Rd4 e6 32. Bg4 Kf4 33. Bf3 e5 34. Rd6 Ke3 35. Rd8 Rb7 36. Kc1 Bc4 37. Kc2 Rb3 38. Rc8 Bd3+ 39. Kc1 Rb1# 0-1

[Event "San Miguel op 7th"]
[Site "Trevias"]
[Date "2001.09.23"]
[Round "7.4"]
[White "Pilgaard, Kim"]
[Black "Sanchez Repullo, Daniel"]
[Result "1-0"]
[WhiteElo "2438"]
[BlackElo "2254"]
[PlyCount "69"]
[EventDate "2001.09.??"]
[EventType "swiss"]
[EventRounds "7"]
[EventCountry "ESP"]
[SourceTitle "EXT 2002"]
[Source "ChessBase"]
[SourceDate "2001.11.25"]
[SourceVersion "1"]
[SourceVersionDate "2001.11.25"]
[SourceQuality "1"]

1. e4 c5 2. Nf3 Nc6 3. d4 cxd4 4. Nxd4 g6 5. c4 Nf6 6. Nc3 d6 7. Be2 Nxd4 8. Qxd4 Bg7 9. Bg5 0-0 10. Qd2 Be6 11. f3 Rc8 12. Nd5 Bxd5 13. cxd5 Re8 14. 0-0 Nd7 15. Be3 a6 16. Rac1 Nc5 17. Rc2 Qd7 18. Rfc1 b5 19. Kh1 Qb7 20. b3 b4 21. Bc4 a5 22. Qe2 Rb8 23. Bxc5 dxc5 24. Ba6 Qb6 25. Rxc5 Bc3 26. Rc6 Qd4 27. Rd1 Qe5 28. d6 exd6 29. Rcxd6 Re7 30. Bc4 Kg7 31. Qe3 Qh5 32. R6d5 Re5 33. Rd7 Rf8 34. Qa7 g5 35. Bxf7 1-0

[Event "Asturias-chT Preferente 0001"]
[Site "Asturias"]
[Date "2000.11.18"]
[Round "4"]
[White "Alvarino Cazon, Jose Manuel"]
[Black "Sanchez Repullo, Daniel"]
[Result "0-1"]
[WhiteElo "2123"]
[BlackElo "2240"]
[PlyCount "68"]
[EventDate "2000.10.28"]
[EventType "team-tourn"]
[EventRounds "11"]
[EventCountry "ESP"]
[SourceTitle "EXT 2002"]
[Source "ChessBase"]
[SourceDate "2001.11.25"]
[SourceVersion "1"]
[SourceVersionDate "2001.11.25"]
[SourceQuality "1"]

1. e4 c5 2. Nf3 Nc6 3. d4 cxd4 4. Nxd4 g6 5. Bc4 Bg7 6. Nxc6 bxc6 7. 0-0 Qc7 8. Re1 Nf6 9. Nc3 d6 10. Be3 0-0 11. f3 a5 12. Qd2 a4 13. a3 Nd7 14. Rab1 Ba6 15. Ba2 Nb6 16. Bd4 Bxd4+ 17. Qxd4 c5 18. Nd5 Nxd5 19. Qxd5 e6 20. Qg5 Rab8 21. h4 c4 22. h5 Rb5 23. Qf6 Qb6+ 24. Kh2 Rxh5+ 25. Kg3 Qc5 26. f4 Bb7 27. Rbd1 d5 28. c3 dxe4 29. Rd4 Rf5 30. Qh4 e5 31. Rxc4 exf4+ 32. Qxf4 Qe7 33. Qe3 Qe5+ 34. Kh4 Qh2+ 0-1

[Event "Santa Olaya op"]
[Site "Gijon"]
[Date "2000.09.29"]
[Round "6"]
[White "Bajo Gutierrez, Ignacio"]
[Black "Sanchez Repullo, Daniel"]
[Result "0-1"]
[WhiteElo "2278"]
[BlackElo "2240"]
[PlyCount "74"]
[EventDate "2000.09.24"]
[EventType "swiss"]
[EventRounds "8"]
[EventCountry "ESP"]
[SourceTitle "EXT 2001"]
[Source "ChessBase"]
[SourceDate "2000.11.22"]
[SourceVersion "1"]
[SourceVersionDate "2000.11.22"]
[SourceQuality "1"]

1. Nf3 d5 2. g3 Nf6 3. Bg2 Bf5 4. 0-0 c6 5. b3 Nbd7 6. Bb2 e6 7. d3 Bc5 8. c4 0-0 9. Nbd2 Re8 10. Qc2 h6 11. e4 dxe4 12. dxe4 Bh7 13. h3 a5 14. a3 Qe7 15. Kh2 e5 16. Nh4 Nf8 17. Nf5 Qc7 18. Nf3 N6d7 19. Qc3 Ne6 20. b4 axb4 21. axb4 Bf8 22. c5 Rxa1 23. Bxa1 b6 24. Rd1 bxc5 25. bxc5 Nexc5 26. Nd2 Nf6 27. f3 Bxf5 28. exf5 Nd5 29. Qc1 Ne3 30. Rg1 Nxf5 31. Ne4 Nb3 32. Qc3 Nbd4 33. Re1 Ra8 34. Qc4 Qa5 35. Bc3 Qa2 36. Qf1 Qc2 37. Rc1 Ne3 0-1

[Event "Santa Clara"]
[Site "Santa Clara"]
[Date "2000.??.??"]
[Round "3"]
[White "Okhotnik, Vladimir"]
[Black "Sanchez Repullo, Daniel"]
[Result "1-0"]
[WhiteElo "2499"]
[BlackElo "2248"]
[PlyCount "107"]
[EventDate "2000.??.??"]
[EventType "swiss"]
[EventRounds "5"]
[EventCountry "CUB"]
[SourceTitle "EXT 2001"]
[Source "ChessBase"]
[SourceDate "2000.11.22"]
[SourceVersion "1"]
[SourceVersionDate "2000.11.22"]
[SourceQuality "1"]

1. g3 c5 2. Bg2 Nc6 3. f4 d5 4. c4 e6 5. d3 Nge7 6. Nf3 g6 7. Nc3 Bg7 8. 0-0 0-0 9. e4 dxe4 10. dxe4 Bxc3 11. bxc3 Qxd1 12. Rxd1 e5 13. Nxe5 Nxe5 14. fxe5 Nc6 15. Bg5 Be6 16. Bf6 Rfe8 17. Bf1 Na5 18. Rd5 b6 19. Kf2 Nc6 20. Re1 Rac8 21. Kf3 Nb8 22. Rd6 Nc6 23. g4 h6 24. h4 Rc7 25. Kf4 Na5 26. Rd5 Bc8 27. Red1 Ba6 28. Rd7 Rxd7 29. Rxd7 Kf8 30. Rxa7 Bxc4 31. Bxc4 Nxc4 32. e6 Rxe6 33. Ra8+ Re8 34. Bg7+ Ke7 35. Rxe8+ Kxe8 36. Bxh6 f6 37. Kf3 Kf7 38. Bf4 b5 39. Ke2 Nb2 40. Be3 c4 41. Bd4 Nd3 42. a3 Nf4+ 43. Kf3 Ne6 44. Be3 Kg7 45. g5 fxg5 46. hxg5 Kf7 47. e5 Ng7 48. Ke4 Ke6 49. Bb6 Nf5 50. Bf2 Ne7 51. Kd4 Nd5 52. Bg3 Nb6 53. Kc5 Na4+ 54. Kxb5 1-0

[Event "ESP-chT Div 2"]
[Site "Cala Galdana"]
[Date "1999.11.16"]
[Round "9"]
[White "Sanchez Repullo, Daniel"]
[Black "Vila Antunez, Joaquin"]
[Result "1/2-1/2"]
[WhiteElo "2236"]
[BlackElo "2212"]
[PlyCount "80"]
[EventDate "1999.11.08"]
[EventType "team-tourn"]
[EventRounds "9"]
[EventCountry "ESP"]
[SourceTitle "CBM 073 Extra"]
[Source "ChessBase"]
[SourceDate "2000.01.11"]
[SourceVersion "1"]
[SourceVersionDate "2000.01.11"]
[SourceQuality "1"]

1. d4 Nf6 2. Nf3 e6 3. Bg5 d5 4. e3 Nbd7 5. Nbd2 Be7 6. Bd3 c5 7. c3 b6 8. Qa4 0-0 9. Ne5 Bb7 10. 0-0 c4 11. Nxd7 Nxd7 12. Bxe7 Qxe7 13. Be2 a6 14. Qc2 b5 15. e4 Nb6 16. e5 f6 17. exf6 gxf6 18. f4 Kh8 19. Bg4 Rg8 20. Bh3 f5 21. Rae1 Qf6 22. Nf3 Rae8 23. Qe2 Nd7 24. Ne5 Nxe5 25. Qxe5 Qxe5 26. Rxe5 Bc6 27. Rfe1 Bd7 28. g3 a5 29. a3 b4 30. axb4 axb4 31. Ra1 Ra8 32. Ree1 bxc3 33. bxc3 Kg7 34. Kf2 Kf6 35. Rxa8 Rxa8 36. g4 h6 37. gxf5 exf5 38. Bg2 Ra3 39. Re3 Be6 40. Kf1 Bf7 1/2-1/2

[Event "San Agustin op 04th "]
[Site "Aviles"]
[Date "1999.08.20"]
[Round "8"]
[White "Alcazar Jimenez, Victor Manuel"]
[Black "Sanchez Repullo, Daniel"]
[Result "1/2-1/2"]
[WhiteElo "2233"]
[BlackElo "2015"]
[PlyCount "102"]
[EventDate "1999.08.14"]
[EventType "swiss"]
[EventRounds "9"]
[EventCountry "ESP"]
[SourceTitle "EXT 2002"]
[Source "ChessBase"]
[SourceDate "2001.11.25"]
[SourceVersion "1"]
[SourceVersionDate "2001.11.25"]
[SourceQuality "1"]

1. e4 e5 2. Nf3 Nc6 3. Bc4 Bc5 4. c3 Nf6 5. d3 0-0 6. 0-0 d6 7. Nbd2 a6 8. Bb3 b5 9. h3 Bb6 10. Re1 Ne7 11. Nf1 Ng6 12. Ng3 c6 13. Bg5 h6 14. Be3 Kh7 15. d4 Qc7 16. dxe5 dxe5 17. Bxb6 Qxb6 18. Qc2 Be6 19. Rad1 Rad8 20. Rxd8 Rxd8 21. Bxe6 fxe6 22. Rd1 c5 23. Rxd8 Qxd8 24. c4 b4 25. Nf1 Nf4 26. Nxe5 Qd4 27. Ng4 Nxg4 28. hxg4 Qd3 29. Ne3 a5 30. g3 Qxc2 31. Nxc2 Nd3 32. b3 Nc1 33. Ne1 e5 34. f3 Kg6 35. Kf2 Kf6 36. Ke3 Ke6 37. f4 Kd6 38. Kd2 Nxa2 39. Nd3 Nc3 40. fxe5+ Kc6 41. Ke3 a4 42. bxa4 Nxa4 43. e6 Kd6 44. Kd2 b3 45. Nf4 g5 46. e5+ Ke7 47. Nd3 Kxe6 48. Kc1 Kd7 49. Kb1 Kc6 50. Nc1 Nb6 51. Nxb3 Nxc4 1/2-1/2